Petit Bac #45 - Communes de Franche-Comté - Statistiques

Statistiques générales
  • Ce quiz a été pris 511 fois
    385 depuis la dernière actualisation
  • Le résultat moyen est 8 sur 12
Statistiques - réponses
1ère Lettre Communes (4000 + hab.) % Correct
B Besançon / Belfort / Bethoncourt / Beaucourt / Baume-les-Dames / Bavilliers
99%
V Vesoul / Valentigney / Valdahon / Valdoie / Villers-le-Lac
87%
L Lons-le-Saunier / Lure / Luxeuil-les-Bains
82%
M Montbéliard / Morteau / Mandeure / Maîche
81%
P Pontarlier / Pont-de-Roide-Vermondans / Poligny
79%
D Dole / Delle
75%
H Héricourt / Hauts de Bienne
55%
S Saint-Claude / Seloncourt / Saint-Vit
55%
A Audincourt
50%
G Grand-Charmont / Gray
43%
O Ornans / Offemont
41%
C Champagnole
32%
Aucun quiz correspondant
Distribution des résultats
% des personnes avec chaque résultat
Percentile par nombre de réponses
Votre historique - résultats
Vous n’avez pas pris ce quiz depuis la dernière actualisation